| 000 | 00430nam a2200157Ia 4500 | ||
|---|---|---|---|
| 008 | 240729s9999 xx 000 0 und d | ||
| 022 | _a2517-5599 | ||
| 245 | 0 | _aAdvances in Combinatorics | |
| 260 | _aUnited Kingdom | ||
| 260 | _bAlliance of Diamond Open Access Journals | ||
| 650 | _a Mathematics | ||
| 650 | _aScience | ||
| 856 | _uhttps://doaj.org/toc/544475e497f441209228e34784694a1d | ||
| 942 | _2ddc | ||
| 942 | _cDOAJEJ | ||
| 999 |
_c69587 _d69587 |
||
| 945 |
_a1 _bMadushi Gamage _c1 _dMadushi Gamage |
||